Представление документа в формате RUSMARC

ПолеНазваниеЗначение
  Тип записи a
  Библиографический уровень m
001 Контрольный номер RU/IS/BASE/190978960
005 Дата корректировки 20180510181746.4
010 Индекс ISBN __
a ISBN 5-7937-0092-7
d Цена 337-50
200 Заглавие и сведения об ответственности __
a Заглавие Русская семья (ХI-ХIХ вв.)
e Сведения, относящиеся к заглавию монография
f Первые сведения об ответственности М-во образования и науки РФ; Санкт-Петербург. гос. ун-т технологии и дизайна
210 Выходные данные __
a Место издания СПб.
c Издательство СПГУТД
d Дата издания 2004
215 Физическое описание __
a Объем 607, [1] с.
318 Примечание о действии __
a Действие п
330 Аннотация __
a Аннотация В книге дана широкая панорама полифункциональности русской православной семьи, существующей в России на протяжении ее почти тысячелетней истории. Формирование семьи, рождение детей и их воспитание, половая зрелость и ухаживание, вступление в брак и семейные коллизии, здоровье и болезни, пища и напитки, труд и развлечения, уход из жизни и иные вопросы исследуются в книге через призму православной культуры и морали.
606 Тематические рубрики __
a Основная рубрика история
z Хронологическая подрубрика ХI-ХIХ
y Географическая подрубрика Россия
608 Указатель предметных рубрик __
a Жанр/форма монография
610 Ключевые слова __
a Ключевые слова семья; церковь; Стоглав; обряд добрачный; обряд свадебный; венчание; скоморошество; болезнь; пост и здоровье
686 Индексы других классификаций __
a Индекс ББК 63.5(2)
700 Автор __
a Фамилия Лещенко
b Имя В. Ю.
801 Источник записи _0
a Страна RU
b Организация ЦРБ, Сургут
g Правила каталогизации ОКиО/Зайцева
801 Источник записи _1
a Страна RU
b Организация ЦРБ, Сургут
g Правила каталогизации ОКиО/Зайцева
852 Данные о местонахождении __
j Шифр хранения 63.5(2)
i Авторский знак Л 541
p Инвентарный номер 90308
b Сигла хранения ООЧ
901 Тип документа __
t Тип документа m
990 Данные о заказе (DOS) __
h N записи в КСУ для Б/У (DOS) 2006-1
j Количество экземпляров (DOS) 1